000 00288nam a22001337a 4500
008 180112b xxu||||| |||| 00| 0 eng d
020 _a9780023258800
041 _aeng
080 _a616.8-008
100 _a6
101 _aSHM
245 _aGENETICS NOTES
_cCROW.J.F
942 _2udc
_cBK
999 _c40195
_d40195